<?xml version="1.0" encoding="UTF-8"?>
<record
    xmlns:xsi="http://www.w3.org/2001/XMLSchema-instance"
    xsi:schemaLocation="http://www.loc.gov/MARC21/slim http://www.loc.gov/standards/marcxml/schema/MARC21slim.xsd"
    xmlns="http://www.loc.gov/MARC21/slim">

  <leader>00620nam a22001577a 4500</leader>
  <controlfield tag="008">160229b        xxu||||| |||| 00| 0 eng d</controlfield>
  <datafield tag="082" ind1=" " ind2=" ">
    <subfield code="a">759.065.2</subfield>
    <subfield code="b">C177p</subfield>
  </datafield>
  <datafield tag="100" ind1=" " ind2=" ">
    <subfield code="a">Cambre, Juan Jos&#xE9;</subfield>
    <subfield code="9">4802</subfield>
  </datafield>
  <datafield tag="245" ind1=" " ind2=" ">
    <subfield code="a">Juan Jos&#xE9; Cambre : Pentateuco</subfield>
    <subfield code="c">Juan Jos&#xE9; Cambre</subfield>
  </datafield>
  <datafield tag="260" ind1=" " ind2=" ">
    <subfield code="a">Buenos Aires :</subfield>
    <subfield code="b">Fondo Nacional de las Artes, </subfield>
    <subfield code="c">2003</subfield>
  </datafield>
  <datafield tag="300" ind1=" " ind2=" ">
    <subfield code="a">[s. n.];</subfield>
    <subfield code="b">ill. (col.); </subfield>
    <subfield code="c">26 cm</subfield>
  </datafield>
  <datafield tag="500" ind1=" " ind2=" ">
    <subfield code="a">Del 23 de septiembre al  10 de noviembre de 2003</subfield>
  </datafield>
  <datafield tag="600" ind1=" " ind2=" ">
    <subfield code="a">Cambre, Juan Jos&#xE9;</subfield>
    <subfield code="b">1948-</subfield>
    <subfield code="v">Exhibiciones</subfield>
    <subfield code="9">4803</subfield>
  </datafield>
  <datafield tag="650" ind1=" " ind2=" ">
    <subfield code="a">Pintura</subfield>
    <subfield code="x">Exhibiciones</subfield>
    <subfield code="y">S. 21</subfield>
    <subfield code="z">Argentina</subfield>
    <subfield code="9">4804</subfield>
  </datafield>
  <datafield tag="650" ind1=" " ind2=" ">
    <subfield code="a">Pintura Abstracta</subfield>
    <subfield code="x">Exhibiciones</subfield>
    <subfield code="y">S. 21</subfield>
    <subfield code="z">Argentina</subfield>
    <subfield code="9">4805</subfield>
  </datafield>
  <datafield tag="999" ind1=" " ind2=" ">
    <subfield code="c">872</subfield>
    <subfield code="d">872</subfield>
  </datafield>
  <datafield tag="952" ind1=" " ind2=" ">
    <subfield code="0">0</subfield>
    <subfield code="1">0</subfield>
    <subfield code="2">ddc</subfield>
    <subfield code="4">0</subfield>
    <subfield code="7">0</subfield>
    <subfield code="a">LV</subfield>
    <subfield code="b">LV</subfield>
    <subfield code="c">Monograf&#xED;as</subfield>
    <subfield code="d">2016-02-29</subfield>
    <subfield code="l">0</subfield>
    <subfield code="o">759.065.2 C177p</subfield>
    <subfield code="p">000673</subfield>
    <subfield code="r">2016-02-29 00:00:00</subfield>
    <subfield code="w">2016-02-29</subfield>
    <subfield code="y">01</subfield>
  </datafield>
</record>
